000 00851nas a2200277 4500
001 BR0300520
003 BR-BrBNA
005 20231205103540.0
007 ta
008 230509b bl.|||p| |||| 00| 00por d
040 _aBR-BrBNA
_bpor
_cBiblioteca Nacional de Agricultura
041 _a(Pt)
072 _aL51
100 1 _aBelo, M.T.S.
100 1 _aCotta, J.T. de B.
100 1 _aOliveira, A.I.G. de
245 1 _aNíveis de metionina em rações de codornas Japonesas (Coturnix coturnix japonica)na fase inicial de postura
650 _aRAÇÃO
650 _aCODORNA
650 _aPOSTURA
650 _aMETIONINA
650 _aNUTRIÇÃO ANIMAL
773 0 _tCiência e Agrotecnologia (Brazil)
_xISSN 1413-7054
_g(Oct-Dec 2000), v. 24(4) p. 1068-1078
_wBR0300520
909 _a202311
_bLúcia
_c55
_dLúcia Elande
942 _2AGRIS
_n0
_cANA
999 _c173454
_d173454